Návrh siete IoT

Salvato in:
Dettagli Bibliografici
Autore principale: Jurikovič, Igor (Autore)
Altri autori: Kotuliaková, Kvetoslava (Relatore della tesi)
Natura: Manoscritto Libro
Lingua:slovacco
Pubblicazione: 2018
Soggetti:
Accesso online:http://is.stuba.sk/zp/portal_zp.pl?podrobnosti=137453
Tags: Aggiungi Tag
Nessun Tag, puoi essere il primo ad aggiungerne!!

MARC

LEADER 00000ntm a22000003a 4500
001 stuzp66891
003 SK-STU
005 20181029125940.7
007 ta
008 150427s2015----xo-----f-mn---000-0-slo-d
040 |a STU  |b slo 
041 0 |a slo 
044 |a xo 
100 1 |a Jurikovič, Igor  |u 037000  |4 aut  |U FEI Fakulta elektrotechniky a informatiky  |T FEI Ústav multimediálnych informačných a komunikačných technológií  |X 54166  |U E070  |Y 818  |7 54166 
242 0 1 |a IoT Network Design  |y eng 
245 1 0 |a Návrh siete IoT 
260 |c 2018 
300 |a nestr. 
650 4 |a LoRa  |2 eng 
650 4 |a M2M  |2 eng 
650 4 |a D2D  |2 eng 
650 4 |a Internet of Things  |2 eng 
650 4 |a ZigBee  |2 eng 
650 4 |a LoRa  |2 slo 
650 4 |a D2D  |2 slo 
650 4 |a ZigBee  |2 slo 
650 4 |a M2M  |2 slo 
650 4 |a Internet of Things  |2 slo 
700 1 |a Kotuliaková, Kvetoslava  |u 037000  |k Z1  |4 ths  |U FEI Fakulta elektrotechniky a informatiky  |T FEI Ústav multimediálnych informačných a komunikačných technológií  |X 2015  |U E070  |Y 818  |7 A000002015 
856 4 |u http://is.stuba.sk/zp/portal_zp.pl?podrobnosti=137453 
996 |b 284EP11925  |c E*DIPL- 11925  |l EE37  |s P  |a 0  |w stuzp66891_0001